Енциклопедия Свещените места на България (Запис номер 487699)
[ съкратено ]
| 000 -Лидер | |
|---|---|
| Контролно поле с фиксирана дължина | nam a22 a 4500 |
| 003 - Код на организацията, давaща контролен номер | |
| Контролно поле | BLK |
| 005 - Дата и час на последна редакция | |
| Контролно поле | 20221216120308.0 |
| 008 - Елементи от данни с фиксирана дължина | |
| fixed length control field | 221216b bu |||||r|||| 00| | bu d |
| 020 ## - Международен стандартен номер на книга ISBN | |
| Международен стандартен номер на книга ISBN | 9786191953271 |
| 020 ## - Международен стандартен номер на книга ISBN | |
| Международен стандартен номер на книга ISBN | 9789548104432 |
| 040 ## - Източник на каталожния запис | |
| Идентификатор на билиотеката - собственик на записа | BLK |
| 041 ## - Код за език | |
| Код за езика на текст/звукозапис или на отделно заглавие | Български |
| Код за езика КДБФ | Български |
| 080 ## - УДК | |
| Текстов определител УДК | Религиозни обекти. Свещени места |
| УДК код - определител по УДК | 2-522 |
| УДК определител | (497.2)(031) |
| УДК - код + определител | 2-522(497.2)(031) |
| 080 ## - УДК | |
| Текстов определител УДК | Краезнание |
| УДК код - определител по УДК | 908 |
| УДК определител | (497.2)(031) |
| УДК - код + определител | (497.2)(031) |
| 139 ## - Редно поле | |
| Редна дума | Енциклопедия Свещените места на България |
| 245 ## - Сведения за заглавието | |
| Заглавие | Енциклопедия Свещените места на България |
| Редно поле (дума) | глав. ред. Васил Николов и др |
| 260 ## - Област на издателските данни | |
| 9 (RLIN) | 214104 |
| Място на издаване, разпространение и проч. | София |
| Име на издателя, разпространителя и проч. | Книгомания |
| Година на издаване | 2022 |
| Издателство - префикс ISBN | 978-619-195- ; 978-954-8432- ; 978-954-9817- ; 954-90578- |
| 260 ## - Област на издателските данни | |
| 9 (RLIN) | 216115 |
| Име на издателя, разпространителя и проч. | Научноинформ. център Бълг. енциклопедия |
| Печатница | Пловдив : Булвест принт |
| Издателство - префикс ISBN | 978-954-8104- |
| 300 ## - Физическа характеристика | |
| Страници | 704 с. |
| Илюстрации и др. | с цв. ил. |
| Размери/Мащаб | 24 см |
| 380 ## - Жанр | |
| Жанр | Религия. Теология |
| 500 ## - Общи забележки | |
| Забележка | Други ред.: Таня Кадийска, Виктория Лазова, Вера Маринкова, Цветомира Емилова, Милена Тодорова, Никол Лакова, Надежда Джоргова, Ралица Гелева, Никола Чалъков |
| 650 #0 - Допълнително описание по предмет – тема | |
| 9 (RLIN) | 327062 |
| Основно описание – тема или топоним | Свети места - България - пътеводители |
| 653 #7 - Ключова дума – ненормативна | |
| 9 (RLIN) | 196197 |
| Ключова дума | свети места |
| 653 #7 - Ключова дума – ненормативна | |
| 9 (RLIN) | 182576 |
| Ключова дума | България |
| 653 #7 - Ключова дума – ненормативна | |
| 9 (RLIN) | 186344 |
| Ключова дума | енциклопедии |
| 700 ## - Други автори (авторска отговорност) | |
| 9 (RLIN) | 523 |
| Лично име | Николов, Васил Атанасов |
| Автороска отговорност (Описва отношението между автора и произведението) | глав. ред. |
| 852 ## - Местоположение | |
| Форматна сигнатура | Цб 315736 |
| Фондова буква | Хранилище |
| 856 ## - Електронен адрес и достъп | |
| Инструкция (цена за достъп) | 0.00 |
| Права за достъп | disable |
| 999 ## - СИСТЕМНИ КОНТРОЛНИ НОМЕРА | |
| Koha biblionumber | 487699 |
| Koha biblioitemnumber | 487699 |
| 942 ## - АРТИКУЛИ | |
| Вид на библиотечния материал | Книги |
| Скрит в OPAC | Не |
| Периодичен библиозапис | Да |
| 944 ## - СЪЗДАВАНЕ И РЕДАКЦИЯ на ЗАПИСА | |
| Създаване/Редакция | Създаване |
| Дата на регистрацията/редакция | 2022-12-16 |
| Служител, извършил регистрацията/редакцията | Христина Везирева |
| Код за отписване | Код за изгубен артикул | Източник на класификационната схема | Код за повреда | Коз за рестрикции | Код за отдаване | Артикулен № | Име на библиотеката - собственик | Име на библиотеката, в която се намира в момента | Статус (Текущо местоположение) | Дата на вписване в системата | Местоположение - отдел | Цена в лева | Систематично азбучна сигнатура | Баркод | Цена в евро | Служебен тип на артикула |
|---|---|---|---|---|---|---|---|---|---|---|---|---|---|---|---|---|
| Не е изгубен | Universal Decimal Classification | Не е повреден | само за читалня | ползва се в читалня | 920891 | Регионална библиотека "Любен Каравелов" Русе | Регионална библиотека "Любен Каравелов" Русе | Хранилище | 2022-12-20 | Хранилище | 49.90 | Цб 315736 | 120000880718 | 25.51 | Книги |